| 000 | 005830000a22002050004500 | ||
|---|---|---|---|
| 003 | LK-CoMWRAF | ||
| 005 | 20240527113441.0 | ||
| 008 | 230817t1993 ||||| |||| 00| 0 eng d | ||
| 020 | _a9559195085 | ||
| 040 |
_aLK-CoMWRAF _dLK-CoMWRAF _eLK-CoMWRAF |
||
| 041 | _aeng | ||
| 082 |
_a320.954 _bWIC |
||
| 100 | _aWickremeratne, L.A. | ||
| 245 | _aReligion, nationalism, and Social change in Ceylon, 1865-1885 | ||
| 260 |
_aColombo: _bStudies in society and culture, _c1993 |
||
| 300 | _a35 p. | ||
| 490 |
_aSSC pamphelts _v8 |
||
| 650 | _aNATIONALISM-Sri Lanka-History | ||
| 942 | _cBK | ||
| 999 |
_c3115 _d3115 |
||